LEADER 00976nam a2200253 u 4500 001 000000044799 003 CaOOAMICUS 005 20140924085513.0 008 990510s1978 it u000 u ita u 035 $a10822643 040 $aPUL(R)$bita 100 1 $aPizzorni, Reginaldo Maria,$cO.P.$0(OLS)http://pul/name/18389 245 10$aStoria delle dottrine politiche /$cReginaldo M. Pizzorni O.P. 250 $a2. ed. 260 $aRoma :$bTipografia Liberit,$c1978. 300 $a208 p. ;$c24 cm 500 $aTesto ad uso privato. 650 4$aScienza della politica$xStudi.$0(OLS)http://pul/subject/8924 850 $aPUL 852 $aPUL$W1$xDP1 Cons. Gen., Altre Classi 1$y22$m45 L 67$j126344$nBK-PRI$qStampati$B60256$CPULBib$Z2$F60256 $H64958 $81 941 1 $a8 961 $aINV: 64958 996 $6245$aStoria delle dottrine politiche$9(OLS)http://pul/title/60418 996 $6260$aRoma :$bTipografia Liberit$9(OLS)http://pul/publisher/65877 LEADER 01271nam a2200301 u 4500 001 000000076024 003 CaOOAMICUS 005 20070226123150.0 008 031104s1990 it u000 u ita u 020 $a8821186695 035 $a10974827 040 $aPUL$bita 041 1 $aita$hger 100 1 $aKant, Immanuel,$d1724-1804.$0(OLS)http://pul/name/8154 240 10$aGruppi, scelte$9(Kant, Immanuel, 1724-1804).$lItaliano.$0(OLS)http://pul/title/78078 245 10$aQuestioni di confine :$bsaggi polemici (1786-1800) /$cImmanuel Kant ; a cura di Fabrizio Desideri. 260 $aGenova :$bAgorà,$c1990. 300 $axliv, 115 p. ;$c21 cm 490 1 $aCollana di filosofia ;$v46 504 $aBibliografia in nota. 700 1 $aDesideri, Fabrizio.$0(OLS)http://pul/name/40152 830 0$aCollana di filosofia (Agorà) ;$v46.$0(OLS)http://pul/title/86372 850 $aPUL 852 $aPUL$W1$xSL Filosofia 1$y2$m85 B 95$j97698$nBK-PRI$b $qStampati$B97698$CPULBib$Z2$F97698 $H92575 $81 941 1 $a8 996 $6020$a8821186695$9(OLS)http://pul/number/99549 996 $6245$aQuestioni di confine :$bsaggi polemici (1786-1800)$9(OLS)http://pul/title/99706 996 $6260$aGenova :$bAgorà$9(OLS)http://pul/publisher/71015